000 00429nam a22001217a 4500
008 230605b xxu||||| |||| 00| 0 eng d
082 _a323.331
_bGIK
245 _aThe CDF Social Audit Guide
_bA Handbook For Communities
_cOpen Society Initiative Of East Africa
260 _aNairobi
_bOpen Society Initiative Of East Africa
_c2008
300 _a54 p
710 _bOpen Society Initiative Of East Africa
_cNairobi
_d2008
942 _2ddc
_cBK
999 _c437
_d437